Movie Titles Based on Antonyms(Opposites) - Statistics

General Stats
  • This quiz has been taken 188 times
  • The average score is 6 of 15
Answer Stats
% Correct
The Devilmother The Godfather
93%
Queen Pencil Kingpin
80%
Calm Calm East Wild Wild West
80%
Nice Girls Bad Boys
70%
Small Skinny Truth-Teller Big Fat Liar
68%
Small Mother Big Daddy
62%
The Week Before The Day After
59%
And Injustice for Nobody And Justice For All
30%
40 Last Encounters 50 First Dates
27%
Home of the Found Land of the Lost
19%
Backward Onward
9%
Yellow City Orange County
7%
New Home Old School
6%
The Starters The Benchwarmers
6%
Sit Away Ride Along
1%
No matching quizzes found
Score Distribution
Percent of People with Each Score
Percentile by Number Answered
Your Score History
You have not taken this quiz